LEADER 02023nam0 22004573i 450 001 CFI0077217 005 20251003044118.0 010 $a8814003319 100 $a20130827d1984 ||||0itac50 ba 101 | $aita 102 $ait 181 1$6z01$ai $bxxxe 182 1$6z01$an 200 1 $aˆI ‰rapporti di vicinato tra Italia e Jugoslavia$fA. M. Calamia, P. Mengozzi, N. Ronzitti 210 $aMilano$cA. Giuffré$d1984 215 $a527 p.$d25 cm 225 | $aSeminario giuridico della Università di Bologna$i. Miscellanee$v2 300 $aInclude appendice, a cura di Andrea De Guttry. 410 0$1001CFI0048773$12001 $aSeminario giuridico della Università di Bologna$i. Miscellanee$v2$171201$aUniversità degli studi di Bologna$b : Seminario giuridico$3CFIV007480 606 $aItalia e Iugoslavia$2FIR$3CFIC028809$9I 676 $a341$9DIRITTO INTERNAZIONALE$v12 676 $a341$9DIRITTO INTERNAZIONALE$v21 686 $aIT/X41.0$cPOLITICA ESTERA ITALIA$2R 686 $aX1.0$cRELAZIONI INTERNAZIONALI$2R 686 $aX12.2/IT/YU$cRAPPORTI BILATERALI ITALIA YUGOSLAVIA$2R 686 $aYU/X41.0$cPOLITICA ESTERA YUGOSLAVIA$2R 700 1$aCalamia$b, Antonio Marcello$3CFIV048886$4070$0268758 701 1$aMengozzi$b, Paolo$3CFIV008259$4070$0231113 701 1$aRonzitti$b, Natalino$3CFIV048889$4070$09440 702 1$aDe Guttry$b, Andrea$3CFIV044930 790 1$aGuttry$b, Andrea : de$3CFIV074731$zDe Guttry, Andrea 790 1$aDe Guttry$b, Andreas M. T.$3USMV976207$zDe Guttry, Andrea 790 1$aCalamia$b, Antonio$3CFIV161797$zCalamia, Antonio Marcello 801 3$aIT$bIT-000000$c20130827 850 $aIT-BN0095 901 $bNAP 01$cD $n$ 912 $aCFI0077217 950 0$aBiblioteca Centralizzata di Ateneo$c1 v.$d 01D (AR) 8 523$e 01AR 0070085235 VMA 1 v.$fY $h20150729$i20150729 977 $a 01 996 $aRapporti di vicinato tra Italia e Jugoslavia$962213 997 $aUNISANNIO